000 00818nam a2200277Ia 4500
003 OSt
005 20220926011254.0
006 a|||||r|||| 00| 0
007 ta
008 220923b |||||||| |||| 00| 0 eng d
037 _cGeneral Book
040 _aRTL
_cRTL
_beng
041 _2eng
_aeng
082 _aB377, M8/TD3
100 _aJohnson Richard A
_9125572
245 0 _aApplied multivariate statistical analysis
250 _a2
260 _aNew Jersey
_bPrentice-Hall
_c1988
300 _axvi,607p
_ccm.
490 _aPrentice Hall Series in Statistics
500 _aBibliography chapterwise; Appendix: P 590-599
650 _aReal Variable
700 _a Wichern Dean W
942 _hB377, M8/TD3
_cGB
_2CC
999 _c619533
_d619533